LEADER 01202nam a2200277 u 4500 001 000000058209 003 CaOOAMICUS 005 20070226120652.0 008 010529s1970 it u000 u ita u 035 $a10890707 040 $aPUL(R)$bita 245 00$aFede e cultura /$cStanislas Lyonnet ... [et al.] ; presentazione di Filippo Franceschi. 260 $aRoma :$bA.V.E.,$c1970. 300 $a202 p. ;$c19 cm 490 1 $aMinima ;$v60 650 4$aFede e cultura.$0(OLS)http://pul/subject/22984 700 1 $aFranceschi, Filippo.$0(OLS)http://pul/name/40472 700 1 $aLyonnet, Stanislas,$cS.I.,$d1902-2009.$0(OLS)http://pul/name/2025 830 0$aMinima (A.V.E.) ;$v60.$0(OLS)http://pul/title/9083 850 $aPUL 852 $aPUL$W1$xDP1 Altre Collocazioni$y17$mSenza collocazione$j12$nBK-PRI$b $qStampati$B76063$CPULBib$Z2$F76063 $H $81 852 $aPUL$W1$xSL Religione 1$y3$m58 H 41$j76062$nBK-PRI$b $qStampati$B76062$CPULBib$Z2$F76062 $H $81 941 1 $a8 961 $aINV: 35572 996 $6245$aFede e cultura$9(OLS)http://pul/title/77965 996 $6260$aRoma :$bA.V.E.$9(OLS)http://pul/publisher/47979 LEADER 01021nam a2200253 u 4500 001 000000058368 003 CaOOAMICUS 005 20070226120702.0 008 010601s1966 gw u000 u ger u 035 $a10891212 040 $aPUL(R)$bita 100 1 $aBalthasar, Hans Urs von,$ccardinale,$d1905-1988.$0(OLS)http://pul/name/1429 245 10$aCordula oder der Ernstfall /$cHans Urs von Balthasar. 260 $aEinsiedeln :$bJohannes Verlag,$c1966. 300 $a127 p. ;$c19 cm 490 1 $aKriterien ;$v2 500 $a"Mit einem Nachwort zur zweiten Auflage". 650 4$aTeologia.$0(OLS)http://pul/subject/118 830 0$aKriterien ;$v2.$0(OLS)http://pul/title/76579 850 $aPUL 852 $aPUL$W1$xDP1 Altre Collocazioni$y17$mSenza collocazione$j12$n $b $qStampati$B76243$CPULBib$Z2$F76243 $H $81 941 1 $a8 996 $6245$aCordula oder der Ernstfall$9(OLS)http://pul/title/76578 996 $6260$aEinsiedeln :$bJohannes Verlag$9(OLS)http://pul/publisher/66113